Photoshop CS4: The Missing Manual / (Record no. 2226)

MARC details
000 -LEADER
Fixed length control field 00451nam a2200157 4500
003 - CONTROL NUMBER IDENTIFIER
Control field SEACOMEC
005 - DATE AND TIME OF LATEST TRANSACTION
Control field 20250424133305.0
008 - FIXED-LENGTH DATA ELEMENTS--GENERAL INFORMATION
Fixed length control field 250424b |||||||| |||| 00| 0 eng d
020 ## - INTERNATIONAL STANDARD BOOK NUMBER / ISBN
International Standard Book Number 0596554362,
Price 625.00
040 ## - CATALOGING SOURCE
Original cataloging agency SEACOMEC
082 ## - DEWEY DECIMAL CLASSIFICATION NUMBER
Classification number 005.5
Book Number K584
100 ## - MAIN ENTRY--PERSONAL NAME
Personal name King, Lesa Snider
245 ## - TITLE STATEMENT
Title Photoshop CS4: The Missing Manual /
Statement of responsibility Lesa Snider King
260 ## - IMPRINT
Place of publication Mumbai :
Name of publisher Shroff Publishers & Distributors Pvt. Ltd.
Date of publication 2009
942 ## - ADDED ENTRY ELEMENTS (KOHA)
Koha item type Books
Holdings
Withdrawn status Lost status Source of classification Damaged status Not for loan Home library Current library Date acquired Total Checkouts Call number Accession number Date last seen Price effective from Koha item type Copy number
    Dewey Decimal Classification     SEACOM ENGINEERING COLLEGE SEACOM ENGINEERING COLLEGE 09/03/2010   005.5 K584 16636 24/04/2025 24/04/2025 Reference Books  
    Dewey Decimal Classification     SEACOM ENGINEERING COLLEGE SEACOM ENGINEERING COLLEGE 09/03/2010   005.5 K584 16637 24/04/2025 24/04/2025 Books 1
    Dewey Decimal Classification     SEACOM ENGINEERING COLLEGE SEACOM ENGINEERING COLLEGE 09/03/2010   005.5 K584 16638 24/04/2025 24/04/2025 Books 2
    Dewey Decimal Classification     SEACOM ENGINEERING COLLEGE SEACOM ENGINEERING COLLEGE 09/03/2010   005.5 K584 16639 24/04/2025 24/04/2025 Books 3
    Dewey Decimal Classification     SEACOM ENGINEERING COLLEGE SEACOM ENGINEERING COLLEGE 09/03/2010   005.5 K584 16640 24/04/2025 24/04/2025 Books 4
© Seacom Engineering College, All rights reserved.      Powered by Koha